[Event "San Francisco-ch 72th"]
[Site "San Francisco"]
[Date "2016.11.27"]
[Round "3.2"]
[White "Chen, Facundo"]
[Black "Marson, Juan Miguel"]
[Result "0-1"]
[WhiteElo "1608"]
[BlackElo "1819"]
[PlyCount "58"]
[EventDate "2016.11.26"]
[EventType "swiss"]
[EventRounds "6"]
[EventCountry "ARG"]
[SourceTitle "EXT 2024"]
[Source "ChessBase"]
[SourceDate "2023.10.10"]
[SourceVersion "1"]
[SourceVersionDate "2023.10.10"]
[SourceQuality "1"]

1. e4 d5 2. exd5 Qxd5 3. Nc3 Qd6 4. g3 Nf6 5. Bg2 a6 6. d3 Nc6 7. Nge2 e5 8. h3 h6 9. Be3 Be6 10. Qd2 Qd7 11. f4 Nd5 12. Bf2 Nxc3 13. bxc3 Bd5 14. 0-0 Bxg2 15. Kxg2 Qd5+ 16. Kh2 0-0-0 17. Bg1 f6 18. c4 Qxc4 19. fxe5 Nxe5 20. Qe3 Qc6 21. Rf4 h5 22. Raf1 Ng4+ 23. Rxg4 hxg4 24. h4 Re8 25. Qd2 Rxe2+ 26. Qxe2 Rxh4+ 27. gxh4 Bd6+ 28. Qe5 Bxe5+ 29. Rf4 Bxf4# 0-1